[Event "Gibraltar Masters 9th"]
[Site "Caleta"]
[Date "2011.01.30"]
[Round "6"]
[White "Le Roux, Jean Pierre"]
[Black "Estrada Nieto, Julian"]
[Result "1-0"]
[WhiteElo "2551"]
[BlackElo "2309"]
[Annotator "Reeh,O"]
[PlyCount "64"]
[EventDate "2011.01.25"]
[EventType "swiss"]
[EventRounds "10"]
[EventCountry "GGB"]
[SourceTitle "CBM 141"]
[Source "ChessBase"]
[SourceDate "2011.03.17"]
[SourceVersion "1"]
[SourceVersionDate "2011.03.17"]
[SourceQuality "1"]

1. d4 d5 2. Nf3 Nf6 3. c4 dxc4 4. e3 e6 5. Bxc4 c5 6. O-O a6 7. Bb3 cxd4 8.
exd4 Nc6 9. Nc3 Be7 10. Bg5 O-O 11. Qd2 Na5 12. Bc2 b5 13. Rfd1 {This position
also occurred in two Kramnik-Anand (games among others) where at this point
there followed 13.Rad1 and 13.Qf4. Each time the result was the same - 1-0! Zu
dieser Stellung kam es auch (unter anderem) in zwei Begegnungen Kramnik-Anand,
wo an dieser Stelle 13.Rad1 bzw. 13.Qf4 erfolgte. Das Ergebnis war beide Male
dasselbe - 1-0!} (13. Rad1 Nc4 14. Qf4 Ra7 15. Ne5 Rc7 16. Nxc4 bxc4 17. Bxf6
Bxf6 18. d5 e5 19. Qf3 Rb7 20. Qe4 g6 21. Qxc4 Rxb2 22. Bb3 Bg5 23. d6 Be6 24.
Qa4 Bxb3 25. axb3 Qb6 26. Qg4 Bf4 27. Nd5 Qd8 28. Nxf4 exf4 29. d7 Rxb3 30.
Qxf4 Rb8 31. Rfe1 Qb6 32. h4 h5 33. Rd6 Qc5 34. Qf6 Qf5 35. Qxf5 gxf5 36. Rxa6
Rfd8 37. Rd6 {1-0 Kramnik,V (2809)-Anand,V (2752)/Leon 2002/CBM 090}) (13. Qf4
Ra7 14. Rad1 Bb7 15. d5 Bxd5 16. Nxd5 exd5 17. Qh4 h5 18. Rfe1 Nc6 19. g4 Qd6
20. gxh5 Qb4 21. h6 Qxh4 22. Nxh4 Ne4 23. hxg7 Rc8 24. Bxe7 Nxe7 25. Bxe4 dxe4
26. Rxe4 Kxg7 27. Rd6 Rc5 28. Rg4+ Kh7 29. Nf3 Ng6 30. Ng5+ Kg7 31. Nxf7 Rxf7
32. Rdxg6+ Kh7 33. R6g5 Rxg5 34. Rxg5 Rc7 35. a3 b4 36. axb4 Rc1+ 37. Kg2 Rb1
38. Ra5 Rxb2 39. Ra4 {1-0 Kramnik,V (2802)-Anand,V (2794)/Dortmund 2001/CBM 085
}) 13... Bb7 14. Qf4 Re8 15. Ne5 Rc8 {Too slow. Zu langsam.} ({Here or on the
previous move Hier oder im vorigen Zug hätte} 15... Nc4 $5 {would have forced
White to react in the centre. Weiß zu einer Reaktion im Zentrum gezwungen.}) {
[%tqu "En","A typical IQP position. Black is threatening 16...b4, but White
has taken an aggressive stance on the kingside. Which move reinforces his
attack?","The bishop c2 is eyeing h7. How can White attack this point once
more?","","d1d3","The key move of the game!  You have seen that after 16...b4
White can continue 17.Rh3 - and after that the attack is playing itself!",20,
"f4h4","is not so strong because of 17...g6.",0,"De","Eine typische
Isolanistellung. Schwarz droht 16...b4, aber Weiß ist bedrohlich am
Königsflügel aufmarschiert. Welcher Zug verleiht seinem Angriff Nachdruck?",
"Der weiße Läufer c2 schielt nach h7. Wie kann Weiß diesen Punkt noch einmal
angreifen?","","d1d3","Der Schlüsselzug der Partie.!  Sie haben gesehen, dass
nach 16...b4 Weiß mit 17.Rh3 fortsetzen kann - und danach spielt sich der
Angriff von selbst!",20,"f4h4","ist nicht so stark wegen 17...g6.",0]} 16. Rd3
$1 {The key manoeuvre! After the rook shift to the kingside, White's attack
will be playing itself! Das Schlüsselmanöver! Nach dem Turmschwenk zum
Königsflügel spielt sich der weiße Angriff von selbst!} ({Instead,} 16. Qh4 g6
{would yield nothing. wäre dagegen unergiebig.}) 16... b4 ({The attempt Der
Versuch} 16... h6 {is refuted by erübrigt sich wegen} 17. Bxh6 gxh6 18. Qxh6 {
followed by 19.Rg3+. nebst 19.Rg3+.}) 17. Rh3 $1 {Taking h7 under fire. Here
the rook is excellently placed, both for attacking and defensive purposes 
(point c3). Nimmt h7 unter Beschuss. Hier steht der Turm ausgezeichnet, sowohl
für Angriffs- als auch für Verteidigungszwecke (Punkt c3).} g6 (17... bxc3 {
loses to verliert wegen} 18. Bxh7+ {[%tqu "En","","","","g8f8","",10,"f6h7","",
0]} Kf8 (18... Nxh7 19. Qxf7+ Kh8 20. Ng6#) {[%tqu "En","A retreat of the Bh7
to e.g. g6 or e4 wins. But White can also knock out Black with the other
bishop. How?","","","g5h6","The bishop is untouchable, and White threatens 20.
Bxg7+ followed by 21.Qh6+.",15,"h7e4","(19.Bg6!)",0,"De","Ein Rückzug des Bh7
nach z.B. g6 oder e4 gewinnt. Doch Weiß kann Schwarz auch mit dem anderen
Läufer ausknocken. Wie?","","","g5h6","Der Läufer ist unantastbar, und Weiß
droht 20.Bxg7+ nebst 21.Qh6+.",15,"h7e4","(19.Bg6!)",0] and now White has a
choice as to which bishop he wants to knock out Black with: und nun hat Weiß
die Wahl, mit welchem Läufer er Schwarz den K.O.-Schlag versetzen will:} 19.
Bh6 $1 {with the unparryable threat 20.Bxg7+. mit der unparierbaren Drohung 20.
Bxg7+.} ({or oder} 19. Be4 $1 {(19.Bg6!) with the threat 20.Rh8+. (19.Bg6!)
mit der Drohung 20.Rh8+.})) 18. Nxf7 $1 {Removing the first stone from the
black king's protection wall. Entfernt den ersten Stein aus der Schutzmauer
des schwarzen Königs.} Qc7 (18... Kxf7 19. Rxh7+ Kg8 20. Bxg6 {and after the
fall of the third protectng pawn, Black is helpless against the threat 21.Qh4!
since und nach dem Fall des dritten Schutzbauern ist Schwarz hilflos gegenüber
der Drohung 21.Qh4!, denn} Nxh7 {fails to scheitert ja an} 21. Qf7+ Kh8 22.
Qxh7#) 19. Ne5 $1 ({Not Nicht} 19. Qh4 $2 Kxf7 20. Bxf6 Bxf6 21. Qxh7+ Kf8 $1
22. Qxg6 Qg7 {and Black wins. und Schwarz gewinnt.}) 19... bxc3 20. bxc3 $1 {
The rook on h3 is worth its weight in gold - despite his extra piece Black is
completely helpless against Qh4 followed by a sac on g6. Der Turm auf h3 ist
nicht mit Gold aufzuwiegen - trotz seiner Mehrfigur ist Schwarz völlig hilflos
gegen Qh4 nebst Opfer auf g6.} Rf8 21. Qh4 $1 Bd8 22. Bxg6 $1 Qg7 23. Bh6 Nh5
24. Qg4 Qxh6 25. Rxh5 Qxh5 26. Bxh5+ Kh8 27. Nf7+ Rxf7 28. Bxf7 Bf6 29. Re1 Bd5
30. h3 Nc4 31. Rxe6 Bxe6 32. Qxe6 Be7 {A typical IQP attacking game - one
imprecise move (15...Rc8?) and after the key move 16.Rd3! suddenly everything
was very easy! Eine typische Isolani-Angriffspartie - eine Ungenauigkeit (15...
Rc8?), und nach dem Schlüsselzug 16.Rd3! ging auf einmal alles ganz einfach!}
1-0

[Event "Interzonal-14c"]
[Site "Zagreb"]
[Date "1987.??.??"]
[Round "15"]
[White "Pinter, Jozsef"]
[Black "Ehlvest, Jaan"]
[Result "1/2-1/2"]
[WhiteElo "2575"]
[BlackElo "2540"]
[Annotator "Ribli,Z"]
[PlyCount "132"]
[EventDate "1987.08.01"]
[EventType "tourn"]
[EventRounds "17"]
[EventCountry "YUG"]
[EventCategory "12"]
[SourceTitle "CBM 004"]
[Source "ChessBase"]
[SourceDate "1988.06.01"]
[SourceVersion "1"]
[SourceVersionDate "1988.06.01"]
[SourceQuality "1"]

1. d4 d5 2. Nf3 Nf6 3. c4 dxc4 4. e3 e6 5. Bxc4 c5 6. O-O a6 7. a4 Nc6 8. Qe2
Be7 9. Rd1 Qc7 10. Nc3 O-O 11. b3 (11. Bd2) 11... b6 $5 (11... Rd8) 12. Bb2 Bb7
13. Rac1 (13. d5 exd5 14. Nxd5 Nxd5 15. Bxd5 Rad8 16. e4 $5 $36) 13... Rfd8 14.
h3 Na5 15. Ne5 Nc6 16. Nb1 $5 (16. Nf3 Na5 $10) 16... Nxe5 17. dxe5 Qc6 18. f3
Nd5 19. Nd2 Bg5 20. Nf1 Bh4 $13 21. Rd2 Nc7 $6 (21... Nb4 $142) 22. Bd3 Nd5 (
22... Qe8 $2 23. a5 $16) 23. Ba3 Qc7 $1 {>< e5} 24. f4 (24. Bb2 $10) 24... Be7
25. Qg4 $2 (25. Nh2 $13) 25... b5 $1 $17 26. Qe2 (26. e4 c4 $1 27. Bxe7 Nxe7
28. bxc4 Qc5+ 29. Kh2 bxa4 $17) 26... c4 $6 (26... Qb6 $1 27. Qf2 $1 bxa4 28.
bxa4 Qb3 $17) 27. Bxe7 cxd3 28. Bxd8 Qxc1 29. Qxd3 Rxd8 30. e4 h6 $15 (30... h5
$1 $17) 31. axb5 Qc5+ 32. Qd4 Qxb5 33. exd5 Rxd5 34. Qe3 a5 35. Rxd5 Qxd5 36.
Qd2 Kh7 37. Qxd5 Bxd5 38. Nd2 g5 39. fxg5 hxg5 40. Kf2 Kg6 41. g4 $1 $10 f6 42.
exf6 Kxf6 43. Ke3 Ke5 44. Nf3+ Kf6 45. Nd2 e5 46. Kd3 Ke7 47. Kc3 Kd6 48. Nf1
Kc5 49. Ne3 Be6 50. Ng2 Kc6 51. Ne3 Kd6 52. Ng2 Kc5 53. Ne3 Bd5 54. Nf5 Be6 55.
Ne3 Kc6 56. Ng2 Kd5 57. h4 gxh4 58. Nxh4 Bxg4 59. Ng6 e4 60. Nf4+ Ke5 61. Ng2
Be2 62. Ne3 Ba6 63. Ng4+ Kf5 64. Kd4 Kf4 65. Nf6 Bb7 66. Nxe4 Bxe4 1/2-1/2

[Event "Belgrade GMA op"]
[Site "Belgrade"]
[Date "1988.??.??"]
[Round "?"]
[White "Cvitan, Ognjen"]
[Black "Ye, Rongguang"]
[Result "0-1"]
[WhiteElo "2500"]
[BlackElo "2375"]
[Annotator "Ribli,Z"]
[PlyCount "64"]
[EventDate "1988.12.??"]
[EventType "swiss"]
[EventRounds "9"]
[EventCountry "YUG"]
[SourceTitle "TD"]
[Source "ChessBase"]
[SourceDate "1994.03.01"]
[SourceVersion "1"]
[SourceVersionDate "1994.03.01"]
[SourceQuality "1"]

1. d4 d5 2. c4 dxc4 3. Nf3 Nf6 4. e3 e6 5. Bxc4 a6 6. O-O c5 7. a3 b5 8. Be2 (
8. Ba2) 8... cxd4 (8... Bb7 $5) 9. Nxd4 (9. exd4 Bb7 $10) 9... e5 $5 10. Nf3
Bd6 11. a4 e4 (11... bxa4 12. Nbd2) 12. Nd4 b4 13. Nd2 Qc7 14. h3 Nc6 15. Nxc6
$6 (15. Nc4 $5 Be7 $5 (15... Nxd4 16. Nxd6+ Qxd6 17. exd4) 16. b3 O-O 17. Bb2
$13) 15... Qxc6 16. Nc4 Bb8 $1 17. a5 Qc7 18. g3 O-O 19. Nb6 Ra7 20. Kg2 $6 (
20. Nxc8 $5) 20... Be6 21. Bd2 Rd8 22. Ra4 h5 $36 23. Qc1 (23. h4 Ng4 24. Qe1
Nxf2 $1) (23. Qe1 h4 24. Bxb4 Nd5 25. Nxd5 Rxd5 26. Bc3 Rg5 $19) 23... Qe5 24.
Bxb4 h4 25. Bc3 Qg5 26. Bxf6 gxf6 $1 27. g4 Rc7 $1 28. Qe1 Qe5 $1 {[%cal Rc7c1,
Yb8e5,Ye5h2] Droht /\ R c1!} (28... f5 29. Kh1 $1 fxg4 30. Rxe4 $15) 29. Rh1
Rc2 30. Nc4 Qb5 $1 31. b3 (31. Rb4 Rxe2 $1 32. Rxb5 Rxe1 33. Rxb8 Rxb8 34. Rxe1
Bxc4) 31... Qxb3 32. Nb6 Rdd2 0-1

[Event "Interzonal-14c"]
[Site "Zagreb"]
[Date "1987.??.??"]
[Round "13"]
[White "Eingorn, Vereslav S"]
[Black "Seirawan, Yasser"]
[Result "1-0"]
[WhiteElo "2575"]
[BlackElo "2600"]
[Annotator "Ribli,Z"]
[PlyCount "101"]
[EventDate "1987.08.01"]
[EventType "tourn"]
[EventRounds "17"]
[EventCountry "YUG"]
[EventCategory "12"]
[SourceTitle "CBM 004"]
[Source "ChessBase"]
[SourceDate "1988.06.01"]
[SourceVersion "1"]
[SourceVersionDate "1988.06.01"]
[SourceQuality "1"]

1. d4 d5 2. c4 dxc4 3. e3 c5 4. Bxc4 e6 5. Nf3 Nf6 6. O-O a6 7. Bd3 cxd4 8.
exd4 Nc6 9. Nc3 Be7 10. Bg5 O-O 11. Rc1 $5 (11. Re1) 11... Qd6 $6 (11... h6 {/\
} 12. Bh4 Nh5) (11... Nd5) 12. Qd2 (12. Qe2 $5 Nxd4 13. Nxd4 Qxd4 14. Rfd1 Qb6
$13) 12... Rd8 13. Rfd1 (13. Bf4 e5 $1) 13... Nxd4 (13... Bd7 $2 14. Bf4 Qb4
15. Bc7 $18) 14. Nxd4 Qxd4 15. Bxh7+ Nxh7 16. Qxd4 Rxd4 17. Bxe7 e5 $8 (17...
Rd7 18. Na4) 18. Nd5 Be6 (18... Bf5 $5 19. Bd6 Be6 (19... Kh8 20. Bxe5 Rxd1+
21. Rxd1 Rd8 $16) 20. Ne7+ (20. Nc7 Rd8 21. Nxe6 fxe6 22. Rxd4 exd4 $13) 20...
Kh8 21. Bxe5 Rxd1+ 22. Rxd1 Bxa2 23. Rd7 $36) 19. Nc7 $16 Rc8 20. Nxe6 Rxc1 21.
Rxc1 fxe6 22. h3 $2 (22. Kf1) 22... Nf6 $1 (22... Rd2 $2 23. Rc8+ Kf7 24. Rc7)
(22... b5 $6 23. a3 Rd2 24. Bb4 Rxb2 25. Rc6) 23. Bxf6 gxf6 24. Rc8+ Kf7 25.
Rc7+ Kg6 26. Rxb7 Rd1+ 27. Kh2 e4 28. Rb6 (28. g3 $142) 28... Kf5 (28... Rd2 $5
{/\} 29. Rxe6 Kf5 30. Rxa6 Rxf2 $44) 29. g3 Rd2 30. Kg1 e5 31. a4 a5 32. b3 Rb2
(32... Rc2 $1) 33. Kf1 Kg5 34. h4+ Kf5 35. Ke1 e3 $2 (35... Ra2 36. h5 Kg5 $1 (
36... Rb2 $2 37. h6 Kg6 38. h7 Kxh7 39. Rxf6 $16) 37. h6 Kxh6 38. Rxf6+ Kg5 39.
Ra6 Kg4 40. Rxa5 Kf3 41. Rxe5 Re2+ 42. Kd1 Rxf2 $10) 36. f3 $18 Rh2 37. Ra6 Rh3
38. g4+ Kg6 39. Ke2 Rxh4 40. Kxe3 Kg5 41. Rxa5 Rh1 42. Rb5 Re1+ 43. Kf2 Ra1 44.
a5 Kh4 45. Rb6 Kg5 46. a6 f5 47. gxf5 Kxf5 48. b4 Ra3 49. b5 e4 50. fxe4+ Kxe4
51. Rb7 1-0

[Event "Belgrade GMA op"]
[Site "Belgrade"]
[Date "1988.??.??"]
[Round "?"]
[White "Vaisser, Anatoli"]
[Black "Bykhovsky, Avigdor"]
[Result "0-1"]
[WhiteElo "2530"]
[BlackElo "2445"]
[Annotator "Ribli,Z"]
[PlyCount "76"]
[EventDate "1988.12.??"]
[EventType "swiss"]
[EventRounds "9"]
[EventCountry "YUG"]
[SourceTitle "TD"]
[Source "ChessBase"]
[SourceDate "1994.03.01"]
[SourceVersion "1"]
[SourceVersionDate "1994.03.01"]
[SourceQuality "1"]

1. d4 d5 2. c4 dxc4 3. Nf3 a6 4. e3 c5 5. Bxc4 e6 6. a4 Nf6 7. O-O Nc6 8. Qe2
cxd4 9. Rd1 Be7 10. exd4 O-O 11. Nc3 Nb4 12. Bg5 Nfd5 13. Nxd5 Nxd5 14. h4 f6
15. Bd2 Bd7 16. Re1 Rf7 17. h5 Rc8 18. b3 Bd6 19. Qe4 h6 20. Bxd5 exd5 21. Qg6
(21. Qxd5 Bxa4 22. Qe6 Bc6 $13) 21... Be8 22. Nh4 Re7 23. Qg4 Bd7 24. Qf3 Be6
25. Nf5 Bxf5 26. Qxf5 Rf7 27. Qg6 Qb6 28. Bxh6 Qxd4 29. Rad1 Qb4 30. Be3 Qxb3
31. h6 Rcf8 32. Bd4 Qxa4 33. Bxf6 $2 Qf4 34. hxg7 Qh2+ 35. Kf1 Qh1+ 36. Ke2
Re8+ 37. Kf3 Rxe1 38. Rxd5 Re6 0-1

[Event "Olympiad-32"]
[Site "Yerevan"]
[Date "1996.09.18"]
[Round "3.2"]
[White "Kurajica, Bojan"]
[Black "Johansen, Darryl Keith"]
[Result "1/2-1/2"]
[WhiteElo "2490"]
[BlackElo "2500"]
[Annotator "Rogers,I"]
[PlyCount "96"]
[EventDate "1996.09.15"]
[EventType "team-swiss"]
[EventRounds "14"]
[EventCountry "ARM"]
[SourceTitle "CBM 055"]
[Source "ChessBase"]
[SourceDate "1996.12.01"]
[SourceVersion "1"]
[SourceVersionDate "1996.12.01"]
[SourceQuality "1"]
[WhiteTeam "Bosnia&Herzegovina"]
[BlackTeam "Australia"]
[WhiteTeamCountry "BIH"]
[BlackTeamCountry "AUS"]

1. d4 d5 2. c4 dxc4 3. e3 Nf6 4. Bxc4 e6 5. Nf3 a6 6. O-O c5 7. Bd3 $5 Nc6 8.
a3 b5 $6 ({The isolated queen's pawn position which arises after} 8... cxd4 {
should hold no fears for Black whereas now White secures an enduring edge.}) 9.
dxc5 Bxc5 10. Qc2 $1 Qb6 11. b4 Be7 12. Nbd2 Bb7 13. Nb3 Rc8 14. Qe2 O-O 15. e4
Nd7 16. Be3 Qc7 17. Rac1 Qb8 18. Rfd1 Rfd8 19. Bb1 g6 20. h3 Nde5 21. Nfd2 Nd7
22. f4 Na7 23. Qf2 Rxc1 24. Rxc1 Nc6 25. e5 Qa8 26. Be4 Rc8 27. Kh2 Bf8 28. Qf3
f5 $5 {Very risky, but with mutual time trouble looming, Black cannot afford
to stay passive.} 29. exf6 Nxf6 30. Nc5 Bxc5 31. Rxc5 Nxe4 32. Qxe4 Nd8 33. Qe5
Nf7 $1 34. Rxc8+ (34. Qxe6 Rxc5 35. bxc5 Bxg2) 34... Qxc8 35. Qf6 Qc6 36. Nf3
e5 37. Qe7 $1 (37. Qxf7+ Kxf7 38. Nxe5+ Ke6 39. Nxc6 Bxc6 {is a dead draw.})
37... exf4 38. Bxf4 ({With the time control looming, Kurajica, in conservative
mood, did not want to 'risk'} 38. Bd4 $1 {when Black's defensive problems are
much greater.}) 38... h6 $1 39. Bg3 (39. h4 $5) 39... g5 40. Be5 Nxe5 41. Qxe5
Kf7 {The time control has been reached and Black need now only exercise due
care to guarantee the draw.} 42. h4 gxh4 43. Nxh4 Qf6 44. Qh5+ Ke6 45. Qg4+ Kd6
46. Ng6 Qg5 47. Qd4+ Bd5 48. Nf4 Qh4+ 1/2-1/2

[Event "Bundesliga 0304"]
[Site "Germany"]
[Date "2003.12.14"]
[Round "6.2"]
[White "Gustafsson, Jan"]
[Black "Rogozenco, Dorian"]
[Result "1/2-1/2"]
[WhiteElo "2571"]
[BlackElo "2517"]
[Annotator "Rogozenco,D"]
[PlyCount "49"]
[EventDate "2003.11.01"]
[EventType "team-tourn"]
[EventRounds "15"]
[EventCountry "GER"]
[SourceTitle "CBM 099"]
[Source "ChessBase"]
[SourceDate "2004.03.30"]
[SourceVersion "1"]
[SourceVersionDate "2004.03.30"]
[SourceQuality "1"]
[WhiteTeam "Hamburger SK"]
[BlackTeam "Neukoelln"]
[WhiteTeamCountry "GER"]
[BlackTeamCountry "GER"]

1. Nf3 Nf6 2. c4 e6 3. Nc3 d5 4. d4 dxc4 {With aggressive intentions to play
Vienna Variation.} 5. e3 {This transposes to the Queen's Gambit Accepted. The
early move Nc3 allows Black to achieve an equal endgame practically by force.}
a6 6. a4 c5 7. Bxc4 Nc6 8. O-O Be7 9. Qe2 cxd4 10. Rd1 e5 (10... O-O 11. exd4 {
is a slight plus for White in middlegame.}) 11. exd4 exd4 12. Nxd4 Nxd4 13. Qe5
Qd6 {White's attempts to reach advantage here are not really serious. Black
can lose only if his endgame technique is pretty bad.} ({Inaccurate would be} 
13... O-O {in view of} 14. Rxd4 Qb6 15. Be3) 14. Qxd4 (14. Qxd6 Bxd6 15. Rxd4
Be5 $11) 14... Qxd4 15. Rxd4 O-O 16. Bg5 (16. Bf4 Bf5 $11) 16... h6 (16... Bf5
17. Re1 Rfe8 $11) 17. Bh4 (17. Re1 Be6 18. Bxe6 hxg5 $11) 17... g5 18. Bg3 (18.
Re1 Bc5) 18... Bf5 19. Bd6 Rad8 20. Rad1 Rfe8 $11 21. f3 Rd7 22. Bxe7 Rdxe7 23.
Kf2 Kg7 24. Rd6 Be6 25. Bf1 1/2-1/2

[Event "Budapest FS11 GM"]
[Site "Budapest"]
[Date "2014.11.02"]
[Round "2"]
[White "Flumbort, Andras"]
[Black "Farkas, Richard"]
[Result "1-0"]
[WhiteElo "2458"]
[BlackElo "2305"]
[Annotator "Sagar Shah"]
[PlyCount "49"]
[EventDate "2014.11.01"]
[EventType "tourn"]
[EventRounds "10"]
[EventCountry "HUN"]
[EventCategory "7"]
[SourceTitle "EXT 2015"]
[Source "ChessBase"]
[SourceDate "2014.11.20"]
[SourceVersion "1"]
[SourceVersionDate "2014.11.20"]
[SourceQuality "1"]

1. Nf3 d5 2. d4 Nf6 3. c4 dxc4 4. e3 e6 5. Bxc4 c5 {The Queen's Gambit
Accepted is an extremely solid opening for Black players. However, in return
for an Isolated Queen Pawn, White gets excellent free flowing development.} 6.
O-O a6 7. Bb3 Nc6 8. Nc3 cxd4 9. exd4 Be7 10. Bg5 O-O {White pieces are
excellently positioned. The question now remains on how to deploy the rooks.
Nimzowitch was of the opinion that the rooks should be placed on c1 and d1 in
such structures and he mentions it in his very famous book: My System. But
over the years it has been found out that the White rooks belong on d1 and e1.
This is true because he is putting all his money on a successful kingside
attack and doesn't care what is going on on the queenside.} 11. Qd2 b5 12. Rad1
Na5 13. Bc2 $1 {Just like the Ruy Lopez bishop, this one is just too precious
to be given up.} Nc4 14. Qf4 $1 Bb7 (14... Nxb2 {This move somehow reminds me
of the game Polugaevsky-Tal 1969 in which the White player shows phenomenal
preparation and crashes through the World champions defenses. A must watch
game.} 15. Bxf6 gxf6 (15... Bxf6 16. Qe4 g6 17. Qxa8 $16) 16. Rb1 (16. Qe4 f5
17. Qxa8 Nxd1 18. Rxd1 Qc7 $17) 16... Nc4 17. Qg4+ Kh8 18. Qe4 f5 19. Qxa8 $16)
15. d5 $1 {I really like this move. Getting rid of the IQP with d4-d5 is one
of the common ideas in this structure. White's attack develops very naturally
here. The main idea of this move is to open the e-file for the rook as we
shall see in the game.} exd5 (15... Bxd5 16. Qh4 h5 17. Nxd5 exd5 18. Nd4 $40)
16. Qh4 g6 $2 (16... h5 $1 {was the best defense available for Black. This is
a very nice idea that Black has at his disposal and should become a pattern of
your arsenal. The point is that if White wants to win the h5 pawn then he will
have to give up his bishop for the f6 knight which will make it extremely
difficult for him to crash through Black's defenses.} 17. Bxf6 Bxf6 18. Qxh5 g6
19. Bxg6 fxg6 20. Qxg6+ Kh8 21. Qh5+ Kg8 22. Nxd5 Bxd5 23. Rxd5 Qe7 $13 {
and Black is clinging on.}) 17. Rfe1 $1 {simple and strong. A sacrifice on e7
is going to finish off the game.} h6 18. Qxh6 Ng4 19. Qh4 Bxg5 20. Nxg5 Nf6 21.
Qh6 $1 {A very subtle and killer move. The rook is going to come to h4 very
soon to finish off the game.} Qb6 $2 (21... Qc7 {was the only defensive move
in the position.}) 22. Bxg6 Qxf2+ {White is of course not going to fall for
this small trick.} 23. Kh1 (23. Kxf2 $2 Ng4+ $16) 23... Ne3 24. Rxe3 Qxe3 25.
Bh7+ {A beautiful attacking game by Dr Andras Flumbort.} (25. Bh7+ Kh8 (25...
Nxh7 26. Qxh7#) 26. Qxf6#) 1-0